Phase-state transitions in foods: chemical, structural, and rheological changes

Guardat en:
Dades bibliogràfiques
Autors principals: Rao, M. A (Autor), Hartel, Richard W (Autor)
Format: Llibre
Idioma:anglès
Publicat: Nueva York Marcel Dekker 1998
Col·lecció:IFT Basic Symposium Series, 13
Matèries:
Etiquetes: Afegir etiqueta
Sense etiquetes, Sigues el primer a etiquetar aquest registre!

MARC

LEADER 00000nam a2200000 a 4500
001 UCN0133
003 CL-VaPUC
008 010316e19980000US |||||||||||||||||eng|d
082 0 4 |a 664  |b RAO  |2 21 
100 0 |a Rao, M. A  |e author  |9 455424 
700 |a Hartel, Richard W  |e author  |9 530691 
245 1 0 |a Phase-state transitions in foods: chemical, structural, and rheological changes 
300 |a 394 p 
942 |c BK 
945 |d 20010316 00:00:00  |a cmena 
260 |a Nueva York  |b Marcel Dekker  |c 1998 
650 0 |a Alimentos  |9 256203 
650 7 |a TECNOLOGIA DE ALIMENTOS  |2 CL-VaPUC  |9 455426 
650 7 |a BIOQUIMICA DE LOS ALIMENTOS  |2 CL-VaPUC  |9 426681 
583 |a last modification  |c 20010316 00:00:00  |k Rodrigo Vera 
490 0 |a IFT Basic Symposium Series, 13 
999 |c 294072  |d 294070 
952 |0 0  |1 0  |2 ddc  |4 0  |6 664_000000000000000_RAO_1998  |7 0  |8 A  |9 345919  |a BIBALI  |b BIBALI  |c GEN  |d 2019-11-20  |i 3692280  |o 664 RAO 1998  |p 3692280  |r 2025-01-20  |w 2019-11-20  |y BK  |k ALI